000 00583nam a22002297a 4500
003 UA-OsUOA
001 24068
007 ta
008 20040206b un ||||| |||| 00| 0 ukr d
090 _a031
_bT44
942 _cBK
040 _aUA-OsUOA
_beng
_cUA-OsUOA
_dUA-OsUOA
245 _aThe Americana Annual
_bAn Encyclopedia of the Events of 1970
_cEd. BernardCayne
300 _a789 с.
_bІлюстрації
955 _a0
041 _aeng
080 _a031
020 _a0-7172-0102-3
260 _bYearbook of the Encyclopedia Americana
_c1971
044 _aUS
650 7 _2UDC
999 _c310331
_d310331